00672nam a2200181Ia 4500952013300000999001700133003000400150005001700154008004100171040000900212082001800221100003900239245007900278260004100357300000900398650004000407942004300447 00102ddc40708LEXIaMESbMEScLEXICONd2019-02-20g75.00l0o492.73 ALQ/Ap25038r2019-02-20 00:00:00w2019-02-20yREFzU18R5 c36599d36599OSt20201218095317.0190216s9999||||xx |||||||||||||| ||und|| coclc a492.73bALQ/A aAl-Qasimi, P K Abdul Gafoor 97642 0aArabic - English - Malayalam Vijnana Nigandu /cP K Abdul Gafoor Al-Qasimi bAl-Huda Book Stall,c1998.aCalicut: a300p aArabic-English-Malayalam Dictionary cREF2ddch492.73iALQ/Ak492.73mALQ/A